Locations of Sam Smith music videos? - Statistics

General Stats
  • This quiz has been taken 3 times
  • The average score is 7 of 14
Answer Stats
Hint Answer % Correct
Stay With Me London, England
100%
Lay Me Down London, England
100%
Restart London, England
100%
One Last Song London, England
100%
How Do You Sleep London, England
100%
Diamonds London, England
100%
Kids Again Brighton, England
50%
Leave Your Lover Paris, France
50%
Pray Lake Come, Italy
0%
Money On My Mind Las Vegas (Nevada, USA)
0%
I'm Not the Only One Los Angeles (California, USA)
0%
Promises Los Angeles (California USA)
0%
Writings on the Wall (From Spectre) Los Angeles, USA
0%
Too Good at Goodbyes Newcastle, England
0%
No matching quizzes found
Score Distribution
Percent of People with Each Score
Percentile by Number Answered
Your Score History
You have not taken this quiz